Southern African literature : an introduction /

Bibliographic Details
Main Author: Gray, Stephen, 1941-
Format: Book
Language:English
Published: New York : Barnes & Noble, 1979.
Subjects:

MARC

Tag First Indicator Second Indicator Subfields
LEADER 00000cam a2200000 i 4500
001 in00000702012
005 20151016051250.0
008 800110s1979 nyuaf b 00010 eng
010 |a  79053358  
020 |a 0064925307 :  |c $17.50 
035 |a (OCoLC)05906521 
035 |9 ADB0431AM 
040 |a DLC  |c DLC  |d TXA  |d UtOrBLW 
043 |a f-sa---  |a fs----- 
049 |a TXAM  |c [1160888] 
050 0 0 |a PR9354.3  |b .G7 
082 0 |a 820/.9 
100 1 |a Gray, Stephen,  |d 1941- 
245 1 0 |a Southern African literature :  |b an introduction /  |c Stephen Gray. 
264 1 |a New York :  |b Barnes & Noble,  |c 1979. 
300 |a 209 pages, 4 unnumbered leaves of plates :  |b illustrations ;  |c 23 cm. 
336 |a text  |b txt  |2 rdacontent 
337 |a unmediated  |b n  |2 rdamedia 
338 |a volume  |b nc  |2 rdacarrier 
504 |a Bibliography: pages [197]-205. 
650 0 |a South African literature (English)  |x History and criticism. 
650 0 |a South African literature  |x History and criticism. 
650 0 |a Africa, Southern, in literature. 
999 |a MARS 
999 f f |s 7c5aa28a-3097-3509-b054-ab97c219668d  |i 9cf9e7b2-605f-3cff-98d2-56a8a80c6faf  |t 0 
952 f f |p normal  |a Texas A&M University  |b College Station  |c Sterling C. Evans Library  |d Evans: Library Stacks  |t 0  |e PR9354.3 .G7  |h Library of Congress classification  |i unmediated -- volume  |m A14804023926 
998 f f |a PR9354.3 .G7  |t 0  |l Evans: Library Stacks